| 000 | 00474nam a22001817a 4500 | ||
|---|---|---|---|
| 005 | 20250401125306.0 | ||
| 008 | 250401b |||||||| |||| 00| 0 eng d | ||
| 020 | _a9781032502595 | ||
| 041 | _aeng | ||
| 082 | _a658.4013 STE | ||
| 100 | _aVanzant, Stern Terra | ||
| 245 | _aLean Six Sigma | ||
| 250 | _a3rd | ||
| 260 |
_aNew York _bRoultedge _c2024 |
||
| 300 | _a331;. pages: 25 cm | ||
| 650 | _aBusiness Logistics; Six sigma (Quality control standard) | ||
| 942 | _cBK | ||
| 999 |
_c43496 _d43496 |
||